[Event "MSR2018s4"]
[Site "?"]
[Date "2018.04.26"]
[Round "8.22"]
[White "Sahidi, Sear"]
[Black "Carnecky, Viliam"]
[Result "0-1"]
[BlackElo "1253"]
[WhiteElo "1176"]
[LiveChessVersion "1.4.8"]

1. e4 {[%clk 1:30:57]} e5 {[%clk 1:30:55]} 2. Nf3 {[%clk 1:31:17]} Nc6
{[%clk 1:31:19]} 3. Bb5 {[%clk 1:31:39]} Bc5 {[%clk 1:31:11]} 4. O-O
{[%clk 1:31:51]} Nf6 {[%clk 1:30:35]} 5. h3 {[%clk 1:31:11]} Nxe4
{[%clk 1:29:56]} 6. Bxc6 {[%clk 1:31:01]} dxc6 {[%clk 1:29:58]} 7. Nxe5
{[%clk 1:31:17]} O-O {[%clk 1:30:02]} 8. d3 {[%clk 1:30:14]} Nxf2
{[%clk 1:28:56]} 9. Rxf2 {[%clk 1:30:21]} Bxf2+ {[%clk 1:29:06]} 10. Kxf2
{[%clk 1:30:13]} Qd4+ {[%clk 1:29:21]} 11. Be3 {[%clk 1:29:37]} Qxe5
{[%clk 1:29:29]} 12. Nc3 {[%clk 1:29:41]} Re8 {[%clk 1:27:03]} 13. Qf3
{[%clk 1:28:51]} Qf5 {[%clk 1:26:58]} 14. Bf4 {[%clk 1:26:37]} h6
{[%clk 1:25:39]} 15. Bxc7 {[%clk 1:23:45]} Qxf3+ 16. gxf3 {[%clk 1:23:15]} Bxh3
{[%clk 1:25:34]} 17. Ne4 {[%clk 1:09:33]} b6 {[%clk 1:24:34]} 18. Re1
{[%clk 1:09:07]} Re6 {[%clk 1:23:32]} 19. c4 {[%clk 1:04:02]} Bf5
{[%clk 1:22:26]} 20. b4 {[%clk 0:56:37]} Bxe4 {[%clk 1:21:21]} 21. dxe4
{[%clk 0:56:03]} f5 {[%clk 1:20:50]} 22. exf5 {[%clk 0:54:37]} Rxe1
{[%clk 1:19:29]} 23. Kxe1 {[%clk 0:54:58]} Rc8 {[%clk 1:19:45]} 24. Bg3
{[%clk 0:55:07]} Rd8 {[%clk 1:20:00]} 25. Bf2 {[%clk 0:55:18]} Kf7
{[%clk 1:19:58]} 26. c5 {[%clk 0:55:35]} b5 {[%clk 1:19:49]} 27. Bh4
{[%clk 0:55:01]} Rd5 {[%clk 1:19:45]} 28. Ke2 {[%clk 0:54:10]} g6
{[%clk 1:19:46]} 29. fxg6+ {[%clk 0:54:17]} Kxg6 {[%clk 1:19:52]} 30. Ke3
{[%clk 0:54:29]} Kf5 {[%clk 1:18:22]} 31. Bg3 {[%clk 0:51:39]} a6
{[%clk 1:17:44]} 32. a3 {[%clk 0:51:49]} h5 {[%clk 1:18:01]} 33. f4
{[%clk 0:49:19]} Kg4 {[%clk 1:17:06]} 34. Bh2 {[%clk 0:42:18]} h4
{[%clk 1:16:41]} 35. Ke4 {[%clk 0:42:24]} h3 {[%clk 1:16:26]} 36. Ke3
{[%clk 0:42:02]} Rd1 {[%clk 1:16:21]} 37. Ke4 {[%clk 0:42:17]} Re1+
{[%clk 1:16:30]} 38. Kd3 {[%clk 0:42:26]} Rh1 {[%clk 1:16:47]} 39. Ke4
{[%clk 0:42:38]} Rxh2 {[%clk 1:17:03]} 40. f5 {[%clk 0:43:01]} Rf2
{[%clk 1:17:16]} 41. Ke5 {[%clk 0:43:20]} h2 {[%clk 1:17:28]} 42. f6
{[%clk 0:43:36]} h1=Q {[%clk 1:17:51]} 43. Ke6 {[%clk 0:43:49]} Qd5+
{[%clk 1:17:38]} 44. Ke7 {[%clk 0:44:06]} Rxf6 {[%clk 1:16:27]} 45. Kxf6
{[%clk 0:44:29]} Qf5+ {[%clk 1:16:32]} 46. Ke7 {[%clk 0:44:42]} Qg6
{[%clk 1:16:41]} 47. Kd7 {[%clk 0:44:53]} Kf5 {[%clk 1:16:47]} 48. Kc7
{[%clk 0:44:59]} Ke6 {[%clk 1:16:26]} 49. Kxc6 {[%clk 0:45:01]} Ke5+
{[%clk 1:16:39]} 50. Kc7 {[%clk 0:45:16]} Kd5 {[%clk 1:17:01]} 51. Kd7
{[%clk 0:45:35]} Qg7+ {[%clk 1:17:12]} 52. Kc8 {[%clk 0:45:57]} Kc6
{[%clk 1:17:29]} 53. Kd8 {[%clk 0:45:52]} Qd7# {[%clk 1:17:46]} 0-1

[Event "MSR2018s4"]
[Site "?"]
[Date "2018.04.26"]
[Round "8.23"]
[White "Oruzinsky, Juraj"]
[Black "Orgon, Jakub"]
[Result "1-0"]
[BlackElo "1218"]
[WhiteElo "1000"]
[LiveChessVersion "1.4.8"]

1. e4 {[%clk 1:30:56]} c5 {[%clk 1:30:47]} 2. Nf3 {[%clk 1:31:18]} d6
{[%clk 1:31:04]} 3. Nc3 {[%clk 1:31:29]} Nf6 {[%clk 1:31:22]} 4. h3
{[%clk 1:31:37]} g6 {[%clk 1:31:39]} 5. Bc4 {[%clk 1:31:48]} Bg7 {[%clk 1:31:57]}
6. d3 {[%clk 1:32:04]} O-O {[%clk 1:32:12]} 7. O-O {[%clk 1:32:22]} Nc6
{[%clk 1:32:01]} 8. Bg5 {[%clk 1:32:14]} b6 {[%clk 1:29:53]} 9. Bxf6
{[%clk 1:32:13]} Bxf6 {[%clk 1:29:05]} 10. Bd5 {[%clk 1:32:25]} Bb7
{[%clk 1:29:46]} 11. Re1 {[%clk 1:31:40]} Qd7 {[%clk 1:28:52]} 12. Bxc6
{[%clk 1:31:32]} Qxc6 {[%clk 1:28:26]} 13. Nd5 {[%clk 1:31:38]} Bg7
{[%clk 1:25:37]} 14. Nxe7+ {[%clk 1:31:49]} Kh8 {[%clk 1:26:16]} 15. Nxc6
{[%clk 1:32:21]} Bxc6 {[%clk 1:26:42]} 16. Rb1 {[%clk 1:32:36]} Rfe8
{[%clk 1:27:01]} 17. Ng5 {[%clk 1:32:09]} Kg8 {[%clk 1:27:16]} 18. Qf3
{[%clk 1:32:16]} Rf8 {[%clk 1:27:20]} 19. Re3 {[%clk 1:31:46]} Bh6
{[%clk 1:27:23]} 20. h4 {[%clk 1:31:41]} f6 21. Ne6 {[%clk 1:31:33]} Bxe3
{[%clk 1:27:45]} 22. Nxf8 Bxf2+ 23. Qxf2 {[%clk 1:31:16]} Rxf8 {[%clk 1:28:26]}
24. Rf1 {[%clk 1:30:44]} Bd7 {[%clk 1:28:31]} 25. d4 {[%clk 1:30:43]} f5
{[%clk 1:28:48]} 26. dxc5 {[%clk 1:29:51]} dxc5 {[%clk 1:29:05]} 27. exf5
{[%clk 1:29:52]} Bb5 {[%clk 1:27:49]} 28. Re1 {[%clk 1:29:22]} Rxf5
{[%clk 1:28:02]} 29. Qd2 {[%clk 1:28:13]} Kf7 {[%clk 1:25:05]} 30. Qh6
{[%clk 1:27:48]} Rh5 {[%clk 1:25:09]} 31. Qf4+ {[%clk 1:27:41]} Rf5
{[%clk 1:25:11]} 32. Qc7+ {[%clk 1:28:04]} Kg8 {[%clk 1:25:13]} 33. Rd1
{[%clk 1:27:45]} Rf8 {[%clk 1:24:37]} 34. Rd8 {[%clk 1:27:47]} Ba4
{[%clk 1:24:33]} 35. Qd6 {[%clk 1:27:31]} Rxd8 {[%clk 1:24:34]} 36. Qxd8+
{[%clk 1:27:28]} Kg7 {[%clk 1:24:53]} 37. b3 1-0

[Event "MSR2018s4"]
[Site "?"]
[Date "2018.04.26"]
[Round "8.24"]
[White "Kusy, Adam"]
[Black "Jura, Michal"]
[Result "0-1"]
[BlackElo "1317"]
[WhiteElo "1112"]
[LiveChessVersion "1.4.8"]

1. e4 {[%clk 1:30:55]} e5 {[%clk 1:30:49]} 2. Nf3 {[%clk 1:31:12]} Nc6
{[%clk 1:31:16]} 3. Bb5 {[%clk 1:31:04]} Bc5 {[%clk 1:31:19]} 4. c3
{[%clk 1:27:51]} Nf6 {[%clk 1:31:10]} 5. d4 {[%clk 1:25:17]} exd4
{[%clk 1:31:23]} 6. cxd4 {[%clk 1:25:18]} Bb6 {[%clk 1:31:22]} 7. Nc3
{[%clk 1:23:49]} Ba5 {[%clk 1:29:42]} 8. Qc2 {[%clk 1:20:25]} Nb4
{[%clk 1:28:15]} 9. Qe2 {[%clk 1:18:39]} O-O {[%clk 1:28:07]} 10. O-O
{[%clk 1:18:30]} Re8 11. Nd2 {[%clk 1:07:37]} Nc2 {[%clk 1:27:16]} 12. Rb1
{[%clk 1:06:07]} Nxd4 {[%clk 1:27:04]} 13. Qc4 {[%clk 1:05:10]} Nxb5
{[%clk 1:26:13]} 14. Nxb5 {[%clk 1:02:45]} c6 {[%clk 1:26:16]} 15. Nc3
{[%clk 1:02:11]} b5 {[%clk 1:26:15]} 16. Qd3 {[%clk 1:00:36]} Ba6
{[%clk 1:26:07]} 17. b4 {[%clk 1:00:10]} Bc7 {[%clk 1:25:46]} 18. a3
{[%clk 0:58:59]} d5 {[%clk 1:25:11]} 19. exd5 {[%clk 0:58:25]} Nxd5
{[%clk 1:25:29]} 20. Bb2 {[%clk 0:57:42]} Nxc3 {[%clk 1:25:37]} 21. Qxc3
{[%clk 0:57:19]} Be5 {[%clk 1:23:29]} 22. Qxc6 {[%clk 0:56:35]} Bxb2
{[%clk 1:23:15]} 23. Rxb2 {[%clk 0:56:04]} Re6 {[%clk 1:21:37]} 24. Qf3
{[%clk 0:55:02]} Rb8 {[%clk 1:20:54]} 25. Rd1 {[%clk 0:52:24]} Bb7
{[%clk 1:20:49]} 26. Qg4 {[%clk 0:49:19]} Rg6 {[%clk 1:20:58]} 27. Qe2
{[%clk 0:46:16]} Bxg2 {[%clk 1:20:53]} 28. Qe3 {[%clk 0:45:06]} Bf3+
{[%clk 1:20:13]} 29. Kf1 {[%clk 0:44:37]} Bxd1 {[%clk 1:20:22]} 30. Rb1
{[%clk 0:41:39]} Bc2 {[%clk 1:20:16]} 31. Re1 {[%clk 0:39:17]} Qd3+
{[%clk 1:19:40]} 32. Qxd3 {[%clk 0:39:27]} Bxd3+ {[%clk 1:19:53]} 33. Re2
{[%clk 0:39:41]} Bxe2+ {[%clk 1:20:22]} 34. Kxe2 {[%clk 0:40:02]} Rd8
{[%clk 1:20:38]} 35. Kd1 {[%clk 0:39:03]} 0-1